000 00658nam a2200265Ia 4500
005 20260121165255.0
008 008 260114s9999 xx 000 0 eng d
020 _a9783319552910
037 _aEBOOK
040 _aCRL
040 _beng
040 _cCRL
041 _2eng
041 _aeng
084 _qCRL
100 _aManuela D’Amore
_91049667
245 4 _aThe Royal Society and the Discovery of the Two Sicilies
260 _bSpringer
260 _bSpringer
260 _c2017
856 _uhttps://link.springer.com/openurl?genre=book&isbn=978-3-319-55291-0
942 _cEBOOK
999 _c1615392
_d1615392